Wszystkie mecze Czesława Michniewicza jako selekcjonera reprezetnacji - Statystyki

Ogólne statystyki
  • Ten quiz został rozwiązany 71 razy
  • Średni wynik to 12 z 13
Statystyki odpowiedzi
Data Miasto Wynik Rozgrywki Rywal % Poprawnych
26.11.2022 Ar-Rajjan 2:0 MŚ 2022 Arabia Saudyjska
98%
30.11.2022 Doha 0:2 MŚ 2022 Argentyna
98%
4.12.2022 Doha 1:3 MŚ 2022 Francja
98%
22.11.2022 Doha 0:0 MŚ 2022 Meksyk
98%
8.06.2022 Bruksela 1:6 Liga Narodów Belgia
97%
24.03.2022 Glasgow 1:1 mecz towarzyski Szkocja
97%
25.09.2022 Cardiff 1:0 Liga Narodów Walia
97%
11.06.2022 Rotterdam 2:2 Liga Narodów Holandia
95%
29.03.2022 Chorzów 2:0 finał baraży o MŚ 2022 Szwecja
95%
14.06.202 Warszawa 0:1 Liga Narodów Belgia
94%
22.09.2022 Warszawa 0:2 Liga Narodów Holandia
94%
1.06.2022 Wrocław 2:1 Liga Narodów Walia
94%
16.11.2022 Warszawa 1:0 mecz towarzyski Chile
76%
Nie znaleziono quizów pasujących do podanych kryteriów
Rozkład punktacji
Procent ludzi z każdym wynikiem
Percentyl według liczby udzielonych odpowiedzi
Twoja historia wyników
Nie rozwiązałeś tego quizu